| 000 | 00670nam a2200217 4500 | ||
|---|---|---|---|
| 003 | OSt | ||
| 005 | 20240605005053.0 | ||
| 006 | a | ||
| 008 | 240605b |||||||| |||| 00| 0 eng d | ||
| 020 | _a9710869892 | ||
| 040 |
_aDWCL-Main lib. _cOC |
||
| 082 | _aFil. 199.599 G846m 2009 | ||
| 100 | _aGripaldo, Rolando M. | ||
| 245 | _aThe making of a Filipino philosopher and other essays / | ||
| 260 |
_aMandaluyong City, Phils. : _b National Book Store, _cc2009. |
||
| 300 |
_axii, _b119 pages : illustrations ; _c23 cm. |
||
| 650 | _a1. Filipino philosophers. | ||
| 650 | _a2. Philosophers–Filipino. | ||
| 700 | _aRolando M. Gripaldo | ||
| 942 |
_2ddc _n0 _cBK - FIL _kFil. |
||
| 999 |
_c151 _d151 |
||